000
00183nam a2200085Ia 4500
100
_a
Mehta/V.G.
942
_c
BK
245
_a
Income tax ready reckoner
260
_b
Shree Kuber Publishing
999
_c
26190
_d
26190